000 00869nam a22001937a 4500
005 20120210122934.0
020 _c40.00
_a9788189573249
082 _a
100 _aशिवमूर्ति सिंह 'वत्स'
_941493
245 _aलालची कौआ /
_cशिवमूर्ति सिंह 'वत्स'
260 _aदिल्ली
_bचिल्ड्रन बुक टैंपल
_c2011
270 _aसी-55, गणेश नगर, पांडव नगर कॉम्प्लैक्स
_bदिल्ली
_e110092
300 _a16पृ.
_bसचित्र
_c28सेमी (अजिल्द)
700 _941293
700 _941305
700 _941360
942 _2ddc
_cCH
_h
_mशिवमू
999 _c62492
_d62492